000 00635nam a2200241Ia 4500
003 OSt
005 20250630101112.0
008 210423s2010 xx 000 0 und d
020 _a9780415475747
040 _cAL
041 _aeng
082 _a070.1
_223
_bDURL
100 _aAlan Durant
_983660
245 _aLanguage and media
_b: resource book for students
260 _aLondon
_bRoutledge
_c2010
300 _axvii,209
_bPB
365 _b350
_cINR
650 _aGeneral
_983661
650 _aMass Media
_983662
700 _aMarina, Lambrou
_9216518
906 _aLanguage ; media: ; resource ; students
942 _2ddc
_cBK
999 _c158145
_d158145